Score 0/12 Timer 01:30
2 Plays Today
Hint 4-Letter Word % Correct
Large group of wild wolvesPACK
98.2%
A place to extract diamonds or coalMINE
96.3%
Strike of a bird using its beakPECK
96.2%
Steady and consistent speed in walkingPACE
94.7%
● Famous Colorado mountain Pikes ____● PEAK ●
93.6%
● Denver Broncos' ____ High Stadium ●● MILE ●
92.4%
Marching, musical, rubber, or wedding, e.g.BAND
89.2%
A terrible thing to waste?MIND
88.6%
A heavy spiked weapon for smashingMACE
88.2%
To tie or fasten something tightlyBIND
86.5%
Bull, colt, or boar, e.g.MALE
85.4%
● Great ____ Dunes National Park and Preserve ●● SAND ●
71.2%

Today's Daily Dose

Remove Ads.
Support Sporcle.
Get the best of Sporcle when you Go Orange. This ad-free experience offers more features, more stats, and more fun while also helping to support Sporcle. Thank you for becoming a member.

You're not logged in!

Compare scores with friends on all Sporcle quizzes.
OR
Log In

Show Comments

Extras

Top Quizzes Today


Score Distribution

Your Account Isn't Verified!

In order to create a playlist on Sporcle, you need to verify the email address you used during registration. Go to your Sporcle Settings to finish the process.

Report this User

Report this user for behavior that violates our Community Guidelines.

Details: